Justo San Felices (Record no. 189929)

MARC details
000 -LEADER
campo de control de longitud fija 00747nam a2200217 i 4500
001 - NÚMERO DE CONTROL
campo de control 189929
003 - IDENTIFICADOR DE NÚMERO DE CONTROL
campo de control SpMaBN
005 - FECHA Y HORA DE LA ÚLTIMA TRANSACCIÓN
campo de control 20251130063156.0
008 - DATOS DE LONGITUD FIJA--INFORMACIÓN GENERAL
campo de control de longitud fija 200124s2000 sp a |||| | spa d
080 ## - NÚMERO DE LA CLASIFICACIÓN DECIMAL UNIVERSAL
Número de la Clasificación Decimal Universal 74/75 San Felices, Justo (083.824)
100 1# - ENTRADA PRINCIPAL--NOMBRE DE PERSONA
Nombre de persona San Felices, Justo,
Fechas asociadas al nombre 1951-
9 (RLIN) 169397
245 10 - MENCIÓN DEL TÍTULO
Título Justo San Felices
Resto del título : Alfama : [exposición, abril-mayo 2000].
260 ## - PUBLICACIÓN, DISTRIBUCIÓN, ETC.
Lugar de publicación, distribución, etc. [Madrid :
Nombre del editor, distribuidor, etc. Alfama, Galería de Arte,
Fecha de publicación, distribución, etc. 2000]
300 ## - DESCRIPCIÓN FÍSICA
Extensión [12] p. :
Otras características físicas principalmente il. col. ;
Dimensiones 24 cm.
600 17 - PUNTO DE ACCESO ADICIONAL DE MATERIA--NOMBRE DE PERSONA
Nombre de persona San Felices, Justo,
Fechas asociadas al nombre 1951-
Subdivisión de forma Exposiciones
Fuente del encabezamiento o término
9 (RLIN) 169398
655 #7 - TERMINO DE INDIZACIÓN--GENERO/FORMA
Fuente del término tgfbne
9 (RLIN) 193628
Datos o término principal de género/forma Catálogos de exposiciones
710 2# - ENTRADA AGREGADA--NOMBRE DE ENTIDAD CORPORATIVA
Nombre de entidad corporativa o nombre de jurisdicción como elemento de entrada Galería Alfama.
9 (RLIN) 171363
852 ## - LOCALIZACIÓN
Ubicación ES-MaACL
Número de control de estantería 2186-F-43
942 ## - ELEMENTOS DE ENTRADA SECUNDARIOS (KOHA)
Fuente del sistema de clasificación o colocación Clasificación decimal universal
Holdings
Estatus retirado Estado de pérdida Estado de daño No para préstamo Colección Biblioteca de origen Biblioteca actual Ubicación en estantería Fecha de adquisición Fuente de adquisición Total de préstamos Signatura topográfica completa Código de barras Visto por última vez Precio de reemplazo Tipo de ítem Koha
        Colección de folletos Biblioteca del Ateneo de Madrid Biblioteca del Ateneo de Madrid Depósito folletos 13/04/2005     2186-F-43 1201483 23/02/2023 23/02/2023 Folleto